000
00213 a2200097 4500
001
57123
100
_a
245
_a
100 training Games
260
_a
New Delhi
_b
Mcgraw Hill
_c
2008
090
_c
35054
_d
35054
942
_a
NUST-CAE
_c
MONOGRAPH
_c
27841
999
_c
292196
_d
292196